Statistics for Tolled Highways in New Jersey

Click here to take the quiz!

General Stats

  • This quiz has been taken 44 times
    (40 since last reset)
  • The average score is 14 of 32

Answer Stats

Start/end of tolled areaAnswer% Correct
Fort Lee - New York, NYI-95/George Washington Bridge
93%
Montvale - Cape MayGarden State Parkway
90%
Jersey City - New York, NYI-78/Holland Tunnel
83%
Burlington - Bristol, PAI-95/Delaware River-Turnpike Toll Bridge
76%
Carneys Point - Fort LeeNew Jersey Turnpike
76%
Gloucester City - Philadelphia, PAI-76/Walt Whitman Bridge
72%
Weehawken - New York, NYNJ 495/NY 495/Lincoln Tunnel
72%
Columbia - Delaware Water Gap, PAI-80/Delaware Water Gap Toll Bridge
62%
Turnersville - Atlantic CityAtlantic City Expressway
59%
Phillipsburg - Easton, PAI-78/Interstate 78 Toll Bridge
59%
Pennsville - New Castle, DEI-295/Delaware Memorial Bridge
55%
Elizabeth - New York, NYI-278/Goethals Bridge
52%
Camden - Philadelphia, PAI-676/Benjamin Franklin Bridge
52%
Ewing Twp - Morrisville, PAI-295/Scudder Falls Bridge
45%
Bayonne - New York, NYNJ 440/NY 440/Bayonne Bridge
45%
Palmyra - Philadelphia, PANJ 73/Tacony-Palmyra Bridge
45%
Perth Amboy - New York, NYNJ 440/NY 440/Outerbridge Crossing
41%
Pennsauken Twp - Philadelphia, PANJ 90/PA 90/Betsy Ross Bridge
41%
Trenton - Morrisville, PAUS 1/Trenton Morrisville Toll Bridge
41%
Burlington - Croydon, PAPA 413/Reed Street/Burlington-Bristol Bridge
34%
Logan Twp - Chester, PAUS 322/Commodore Barry Bridge
34%
Lambertville - New Hope, PAUS 202/New Hope-Lambertville Toll Bridge
31%
Montague Twp - Milford, PAUS 206/Milford-Montague Toll Bridge
31%
Phillipsburg - Easton, PAUS 22/Easton-Phillipsburg Toll Bridge
31%
Stone Harbor - WildwoodOcean Drive/Stone Harbor Bridge/Grassy Sound Bridge
24%
Lower Township - West Cape MayOcean Drive/Middle Thorofare Toll Bridge
21%
Sea Isle City - AvalonOcean Drive/Ocean Drive Bridge
21%
Columbia - Portland, PANJ 94/Portland-Columbia Toll Bridge
14%
Sandyston - Dingmans Ferry, PAPA 739/CR 560/Dingmans Ferry Bridge
14%
Newark - Jersey CityNew Jersey Turnpike Extension
7%
Columbus - BurlingtonNew Jersey Turnpike Extension
7%
Egg Harbor Twp - Margate CityMargate Bridge
0%

Score Distribution

Percentile by Number Answered

Percent of People with Each Score

Your Score History

You have not taken this quiz since the last reset